[Event "Corus"]
[Site "Wijk aan Zee NED"]
[Date "2001.01.22"]
[Round "8"]
[White "Piket, Jeroen"]
[Black "Adams, Michael"]
[Result "1/2-1/2"]
[WhiteElo "2632"]
[BlackElo "2746"]
[EventDate "2001.01.13"]

1.d4 Nf6 2.c4 e6 3.Nc3 Bb4 4.e3 O-O 5.Ne2 d5 6.a3 Be7 7.Ng3 c5 8.dxc5 dxc4
9.Qc2 Nbd7 10.Bxc4 Bxc5 11.O-O b6 12.Rd1 Bb7 13.b4 Be7 14.Bb2 a5 15.Rac1 
axb4 16.axb4 Bxb4 17.Nce4 Nxe4 18.Nxe4 Qe7 19.h4 Rfd8 20.Ng5 Nf8 21.Qb3 h6
22.Nh3 Ng6 23.h5 Nh4 24.Rxd8+ Rxd8 25.Bf1 Bd5 26.Qa4 Ra8 27.Qd1 Nf5 28.Bd3
Ba3 29.Bxa3 Qxa3 30.Bxf5 exf5 31.Nf4 Bb3 32.Qd2 b5 33.Rc7 Bc4 34.Kh2 Qa1 
35.Qd6 Qb2 36.Qc6 Rf8 37.Rc8 Qe5 38.Rc7 Rb8 39.Rc8+ Rxc8 40.Qxc8+ Kh7 41.
Kg1 g5 42.hxg6+ fxg6 43.Qd7+ Qg7 44.Qc6 Qf7 45.e4 fxe4 46.Qxe4 Kg7 47.Qd4+
Kg8 48.Qe4 Qf5 49.Qd4 Bf7 50.f3 Bc4 51.Kf2 Qf7 52.g4 Kh7 53.Kg2 b4 54.Nxg6
Kxg6 55.Qd6+ Qf6 56.Qxb4 Bd5 57.Qa3 Bc6 58.Qd3+ Kf7 59.Qe3 Qd6 60.Kh3 Qe6 
61.Qxe6+ Kxe6 62.Kh4 Be8 63.f4 Bf7 64.Kg3 Kd5 65.g5 1/2-1/2

[Event "Corus"]
[Site "Wijk aan Zee NED"]
[Date "2001.01.28"]
[Round "13"]
[White "Kasparov, Gary"]
[Black "Adams, Michael"]
[Result "1/2-1/2"]
[WhiteElo "2849"]
[BlackElo "2746"]
[EventDate "2001.01.13"]

1.d4 Nf6 2.c4 e6 3.g3 d5 4.Bg2 dxc4 5.Nf3 Nc6 6.Qa4 Bb4+ 7.Bd2 Nd5 8.Bxb4 
Nxb4 9.a3 b5 10.Qxb5 Nc2+ 11.Kd2 Nxa1 12.Qxc6+ Bd7 13.Qxc4 c5 14.Qa2 Qa5+ 
15.Nc3 cxd4 16.Nxd4 Rd8 17.Rxa1 e5 18.b4 Qb6 19.Nc2 Qxf2 20.Bd5 O-O 21.Qc4
Be6 22.Ne3 Qxh2 23.Qh4 Qxh4 24.gxh4 f5 25.Kc2 Kf7 26.Rd1 f4 27.Nc4 1/2-1/2

[Event "SuperGM"]
[Site "Linares ESP"]
[Date "2001.03.01"]
[Round "6"]
[White "Kasparov, Gary"]
[Black "Leko, Peter"]
[Result "1-0"]
[WhiteElo "2849"]
[BlackElo "2745"]
[EventDate "2001.02.23"]

1.e4 e5 2.Nf3 Nc6 3.Bb5 a6 4.Ba4 Nf6 5.O-O Be7 6.Re1 b5 7.Bb3 O-O 8.a4 Bb7
9.d3 d6 10.Nbd2 Na5 11.Ba2 c5 12.Nf1 Re8 13.Ne3 h6 14.Bd2 c4 15.Bc3 Qb6 
16.Nd2 Nc6 17.Nd5 Nxd5 18.exd5 Na5 19.Bxa5 Qxa5 20.dxc4 Qxa4 21.c5 Qb4 22.
Ne4 Qxb2 23.cxd6 Bf8 24.c3 f5 25.d7 Red8 26.d6+ Kh8 27.Nc5 Bc6 28.Nd3 Qxc3
29.Nxe5 Be4 30.Nf7+ Kh7 31.Ng5+ 1-0

[Event "Sparkassen"]
[Site "Dortmund GER"]
[Date "2001.07.13"]
[Round "2"]
[White "Kramnik, Vladimir"]
[Black "Leko, Peter"]
[Result "1/2-1/2"]
[WhiteElo "2802"]
[BlackElo "2730"]
[EventDate "2001.07.12"]

1.d4 Nf6 2.c4 e6 3.Nc3 Bb4 4.e3 O-O 5.Bd3 d5 6.cxd5 exd5 7.Ne2 Re8 8.O-O 
Bf8 9.a3 a5 10.Kh1 Na6 11.f3 c5 12.Nf4 Nc7 13.dxc5 Bxc5 14.e4 dxe4 15.Nxe4
Nxe4 16.Bxe4 Qxd1 17.Rxd1 Nb5 18.Nd3 Bf8 19.Bf4 Nd6 20.Bd5 Be6 21.Bxe6 
Rxe6 22.Nc5 Rf6 23.Be5 Rf5 24.Bxd6 Bxd6 25.Nxb7 Be7 26.Nd6 Rc5 27.Rab1 Rd8
28.b4 axb4 29.axb4 Re5 30.Nc4 Rxd1+ 31.Rxd1 Rb5 32.Ne3 Bxb4 33.Rb1 Rb8 34.
Nd5 Bd6 35.Rxb8+ 1/2-1/2